Inside Larry and Sergey's brain
| Main Author: | |
|---|---|
| Format: | Book |
| Published: |
New York :
Penguin Group ,
2009
|
| Subjects: |
MARC
| LEADER | 00000cam a2200000 7i4500 | ||
|---|---|---|---|
| 001 | 0000142000 | ||
| 005 | 20100810.0 | ||
| 020 | |a 9781591842767 | ||
| 090 | 0 | 0 | |a 338.76102504 |b BRA |
| 100 | 1 | |a Brant, Richard L | |
| 245 | 1 | 0 | |a Inside Larry and Sergey's brain |c Richard L. Brandt |
| 260 | |a New York : |b Penguin Group , |c 2009 | ||
| 300 | |a 244p. ; |c 18.5cm. | ||
| 600 | 0 | 0 | |a Brin, Sergey , |d 1973- |
| 600 | 0 | 0 | |a Page, Larry , |d 1973- |
| 650 | 0 | 0 | |a Google (Frim) |
| 650 | 0 | 0 | |a Internet industry |z United States |
| 999 | |a 00238772 |b BUKU |c PINJAMAN |e PERPUSTAKAAN KOMUNITI PETALING JAYA | ||